عرض عادي عرض مارك
  • International Conference on Computer Aided Optimum Design of Structures and Materials in Engineering

مدخل إسم مؤتمر

عدد التسجيلات المستخدمة في: 1

001 - رقم الضبط

  • حقل الضبط: 11999

003 - معرف رقم الضبط

  • حقل الضبط: OSt

005 - تاريخ ووقت أخر عملية

  • حقل الضبط: 20120427161259.0

008 - عناصر بيانات ثابتة الطول

  • حقل تحكم ثابت الطول: 120427|||a|||||| | ||| d

040 ## - مصدر الفهرسة

  • هيئة الفهرسة الأصلية: OSt
  • وكالة الكتابة: OSt

111 ## - مدخل -- اسم مؤتمر

  • اسم الملتقي او اسم السلطه كعنصر مدخل: International Conference on Computer Aided Optimum Design of Structures and Materials in Engineering
  • رقم الجزء / القسم/ الملتقي: (11th :
  • تاريخ المؤتمر: 2009 :
  • مكان الملتقي: Algarve, Portugal)

670 ## - بيانات المصدر موجوده

  • الاستشهاد بالمصدر: Work cat.: (OSt)24134: International Conference on Computer Aided Optimum Design of Structures and Materials in Engineering (11th : 2009 : Algarve, Portugal), Computer aided optimum design in engineering XI /, c2009.